Sports Quiz

Random Sports or NBA Quiz

NBA 25+ Shot Attempts per Game Quiz Stats

 Plays Quiz Updated Apr 14, 2015

Score 0/56 Timer 06:00
5 Plays Today
# Player % Correct
33.01Michael Jordan
97%
28.98Michael Jordan
97%
28.89Michael Jordan
97%
27.70Michael Jordan
97%
26.95Michael Jordan
97%
26.47Michael Jordan
97%
26.16Michael Jordan
97%
26.09Michael Jordan
97%
26.00Michael Jordan
97%
25.97Michael Jordan
97%
31.67Kobe Bryant
95.4%
27.29Kobe Bryant
95.4%
27.21Kobe Bryant
95.4%
26.46Kobe Bryant
95.4%
25.81Kobe Bryant
95.4%
32.11Allen Iverson
87.6%
30.37Allen Iverson
87.6%
29.99Allen Iverson
87.6%
28.85Allen Iverson
87.6%
28.65Allen Iverson
87.6%
27.61Allen Iverson
87.6%
26.35Allen Iverson
87.6%
27.61LeBron James
87.3%
26.42LeBron James
87.3%
25.67Shaquille O'Neal
82.3%
25.00Shaquille O'Neal
82.3%
26.31Dwyane Wade
67.7%
28.43Tracy McGrady
66.2%
# Player % Correct
26.66Tracy McGrady
66.2%
25.74Tracy McGrady
66.2%
26.99Moses Malone
66.2%
26.20Carmelo Anthony
63.9%
25.67Carmelo Anthony
63.9%
25.59Carmelo Anthony
63.9%
25.03Vince Carter
55.8%
25.81David Robinson
49.6%
28.78Dominique Wilkins
48.8%
28.30Dominique Wilkins
48.8%
26.75Dominique Wilkins
48.8%
26.62Dominique Wilkins
48.8%
26.20Dominique Wilkins
48.8%
28.73George Gervin
40.2%
28.22George Gervin
40.2%
26.53Alex English
39.2%
26.03Alex English
39.2%
25.28Alex English
39.2%
25.24Gilbert Arenas
36%
25.19Gilbert Arenas
36%
28.11Bernard King
32.6%
26.94Bernard King
32.6%
28.54Jerry Stackhouse
29.6%
26.25Chris Webber
28.4%
25.80Mark Aguirre
14.8%
27.80World B. Free
13.3%
25.06Michael Adams
6.9%
26.28Purvis Short
3.7%

You're not logged in!

Compare scores with friends on all Sporcle quizzes.
OR
Log In

You Might Also Like...

Show Comments

Extras

Top Quizzes Today


Score Distribution

Your Account Isn't Verified!

In order to create a playlist on Sporcle, you need to verify the email address you used during registration. Go to your Sporcle Settings to finish the process.

Report this User

Report this user for behavior that violates our Community Guidelines.

Details: